书目信息 |
| 题名: |
奋斗人生的启示
|
|
| 作者: | 顾鸿翔 编 | |
| 分册: | ||
| 出版信息: | 长春 吉林人民出版社 2011.01 |
|
| 页数: | 201页 | |
| 开本: | 23cm | |
| 丛书名: | 青少年探索文库 | |
| 单 册: | ||
| 中图分类: | B821 | |
| 科图分类: | ||
| 主题词: | 人生哲学 , 人生哲学--青年读物 | |
| 电子资源: | ||
| ISBN: | 978-7-206-07091-4 | |
| 000 | 00743nam0 22002411 450 | |
| 001 | 005343691 | |
| 005 | 20111229092157.98 | |
| 010 | @a978-7-206-07091-4@dCNY25.80 | |
| 100 | @a20110812d2011 am y0chiy50 ea | |
| 101 | 0 | @achi |
| 102 | @aCN@b220000 | |
| 105 | @ay z 000yy | |
| 200 | 1 | @a奋斗人生的启示@9fen dou ren sheng de qi shi@f顾鸿翔编 |
| 210 | @a长春@c吉林人民出版社@d2011.01 | |
| 215 | @a201页@d23cm | |
| 225 | 1 | @a青少年探索文库 |
| 330 | @a本书从强者风采、攀登奋斗、勤奋之舟、人生感悟、超越自我、风险赞歌、青春语丝、军旅之页等十一方面揭示了人生的真谛。 | |
| 606 | 0 | @a人生哲学 |
| 606 | 0 | @a人生哲学@j青年读物 |
| 690 | @aB821@v4 | |
| 701 | 0 | @a顾鸿翔@9gu hong xiang@4编 |
| 801 | 0 | @c20111229 |
| 905 | @aZUCC@dB821@eG490@f3 | |
| 奋斗人生的启示/顾鸿翔编.-长春:吉林人民出版社,2011.01 |
| 201页;23cm.-(青少年探索文库) |
| ISBN 978-7-206-07091-4:CNY25.80 |
| 本书从强者风采、攀登奋斗、勤奋之舟、人生感悟、超越自我、风险赞歌、青春语丝、军旅之页等十一方面揭示了人生的真谛。 |
| ● |
| 相关链接 |
|
|
|
正题名:奋斗人生的启示
索取号:B821/G490
 
预约/预借
| 序号 | 登录号 | 条形码 | 馆藏地/架位号 | 状态 | 备注 |
| 1 | 1185946 | 211859461 | 社科库509/509社科库 22排1列2层/ [索取号:B821/G490] | 在馆 | |
| 2 | 1185947 | 211859470 | 社科库509/509社科库 22排1列2层/ [索取号:B821/G490] | 在馆 | |
| 3 | 1185948 | 211859489 | 社科库509/509社科库 22排1列2层/ [索取号:B821/G490] | 在馆 |